| 000 | 00680nam a2200241Ia 4500 | ||
|---|---|---|---|
| 008 | 170203s9999 xx 000 0 und d | ||
| 020 | _a9788126115518 | ||
| 050 | _a413 | ||
| 050 | _bAd244 | ||
| 245 | _aAdvanced learner's dictionary of information technology / | ||
| 260 | _aNew Delhi : | ||
| 260 | _bAnmol Publications Pvt Ltd, | ||
| 260 | _c2004 | ||
| 300 | _a416 pages ; | ||
| 300 | _c25 cm. | ||
| 500 | _a"Compiled & edited by a team of experts." | ||
| 650 | _aElectronic data processing -- | ||
| 650 | _aInformation technology -- | ||
| 650 | _aTelecommunication -- | ||
| 650 | _xDictionaries. | ||
| 650 | _xDictionaries. | ||
| 650 | _xDictionaries. | ||
| 999 |
_c305852 _d305852 |
||